000 00977cam a2200253 4500
001 ABS63493
008 000000n2000 000 0 eng u
035 _a(Sirsi) u110429
245 _aAlternative land use
260 _c2000
490 _aFarm Development Review
_v14(11) September 2000 (LOAN)
520 _aIncludes articles on the potential market for alternative crops, including lavender and hazel coppice for craft workers; the results of a retail survey of Farm Retail Association members; and a new initiative to promote locally-produced food in Powys under the Soil Association's food futures intiative.
590 _aABS
650 _aALTERNATIVE CROPS
650 _aFARM DIVERSIFICATION
650 _aFARM RETAIL ASSOCIATION
650 _aFARM RETAILING
650 _aFOOD FUTURES INITIATIVE
650 _aHAZEL COPPICING
650 _aLAVENDER PRODUCTION
650 _aSOIL ASSOCIATION
690 _aRURAL-FARM BUSINESS MANAGEMENT
942 _n0
999 _c65833
_d65833